|
|
|
|
| LEADER |
01174nam a2200289 a 4500 |
| 001 |
12375918 |
| 008 |
091029s2001 ii b 001 0 eng d |
| 010 |
|
|
|a \\2001031396
|
| 020 |
|
|
|a 0761995560
|
| 020 |
|
|
|a 8178290480
|
| 040 |
|
|
|a DLC
|c DLC
|d DLC
|
| 082 |
0 |
0 |
|a 338.954
|2 21
|
| 245 |
0 |
0 |
|a Democratic governance in India :
|b challenges of poverty, development, and identity /
|c editors, Niraja Gopal Jayal, Sudha Pai.
|
| 260 |
|
|
|a New Delhi ;
|a Thousand Oaks :
|b Sage Publications,
|c 2001.
|
| 300 |
|
|
|a 264 p. ;
|c 22 cm.
|
| 504 |
|
|
|a Includes bibliographical references and index.
|
| 541 |
1 |
|
|e 00008497
|
| 651 |
|
0 |
|a India
|x Politics and government
|y 1977-
|
| 651 |
|
0 |
|a India
|x Economic policy
|y 1991-
|
| 650 |
|
0 |
|a Economic assistance, Domestic
|z India.
|
| 650 |
|
0 |
|a Poverty
|z India.
|
| 650 |
|
0 |
|a Social movements
|z India.
|
| 700 |
1 |
|
|a Jayal, Niraja Gopal.
|
| 700 |
1 |
|
|a Pai, Sudha,
|d 1950-
|
| 852 |
4 |
|
|a Ayesha Abed Library
|j General shelf
|
| 999 |
|
|
|c 4961
|d 4961
|
| 952 |
|
|
|0 0
|1 0
|2 ddc
|4 0
|6 338_954000000000000_DEM_2001
|7 0
|9 4785
|a BRACUL
|b BRACUL
|c GEN
|d 2009-11-01
|g 0.00
|l 1
|o 338.954 DEM
|p 3010008497
|r 2011-03-20
|s 2011-03-09
|t 1
|w 2009-11-01
|y BK
|x No price found in the accession register.
|